<?xml version="1.0" encoding="UTF-8"?>
<record
    xmlns:xsi="http://www.w3.org/2001/XMLSchema-instance"
    xsi:schemaLocation="http://www.loc.gov/MARC21/slim http://www.loc.gov/standards/marcxml/schema/MARC21slim.xsd"
    xmlns="http://www.loc.gov/MARC21/slim">

  <leader>04317    a2200337   4500</leader>
  <controlfield tag="003">OSt</controlfield>
  <controlfield tag="005">20180116192350.0</controlfield>
  <controlfield tag="008">120601t        xxu||||| |||| 00| 0 eng d</controlfield>
  <datafield tag="010" ind1=" " ind2=" ">
    <subfield code="a">  2010283094</subfield>
  </datafield>
  <datafield tag="020" ind1=" " ind2=" ">
    <subfield code="a">9780714845753</subfield>
  </datafield>
  <datafield tag="020" ind1=" " ind2=" ">
    <subfield code="a">0714845752</subfield>
  </datafield>
  <datafield tag="020" ind1=" " ind2=" ">
    <subfield code="a">9780714845753</subfield>
  </datafield>
  <datafield tag="035" ind1=" " ind2=" ">
    <subfield code="a">(OCoLC)ocn154782962</subfield>
  </datafield>
  <datafield tag="040" ind1=" " ind2=" ">
    <subfield code="c">0</subfield>
  </datafield>
  <datafield tag="082" ind1="0" ind2="4">
    <subfield code="a">720.952</subfield>
  </datafield>
  <datafield tag="100" ind1="1" ind2=" ">
    <subfield code="a">Bognar, Botond,</subfield>
    <subfield code="9">3614</subfield>
  </datafield>
  <datafield tag="245" ind1="1" ind2="0">
    <subfield code="a">Beyond the bubble :</subfield>
    <subfield code="b">the new Japanese architecture /</subfield>
    <subfield code="c">[Botond Bognar].</subfield>
  </datafield>
  <datafield tag="260" ind1=" " ind2=" ">
    <subfield code="a">London ;</subfield>
    <subfield code="a">New York :</subfield>
    <subfield code="b">Phaidon Press,</subfield>
    <subfield code="c">2008.</subfield>
  </datafield>
  <datafield tag="300" ind1=" " ind2=" ">
    <subfield code="a">239 p. :</subfield>
    <subfield code="b">ill. (chiefly col.) ;</subfield>
    <subfield code="c">30 cm.</subfield>
  </datafield>
  <datafield tag="500" ind1=" " ind2=" ">
    <subfield code="a">Statement of responsibility from cover.</subfield>
  </datafield>
  <datafield tag="505" ind1="0" ind2=" ">
    <subfield code="a">The bubble years: the epitome of Japanese postmodernism : Manifestations of an accelerated environment ; The property-based economy and the culture of impermanence ; The growing volume of architecture and the new technological landscape ; The new urban renaissance and Tokyo as a world city ; Expanding the scope of public space: large-scale urban developments ; Design in the Japanese world of 'creative chaos' ; Experiments in radical uncertainty: postmodernism in Japanese architecture -- After the bubble: new realities, new priorities : Economic recession and the process of globalization ; ' Pet architecture': the lessons small structures, materials and the ordinary ; New minimalism, new modernism ; Changing society and new directions in urban architecture ; Healing the wounds: towards an ecological architecture ; Computers, the digital age and the appearance of a new 'organic' architecture ; Assessing the future: in lieu of a conclusion -- Beyond the bubble: the architects : Tele-design : C-House, 2002 ; Parallax, 2005 -- Koji Yagi : House in Kawasaki, 2004 -- Kazunari Sakamoto : House SA, 1999 -- Atelier Bow-Wow : Gae House, 2004 ; House at Izu, 2004 -- Kazuyo Sejima : House in a plum tree grove, 2004 -- Shigeru Ban : Shutter house for a photographer, 2003 ; Paper Art Museum (PAM), 2002 -- Waro Kishi : House in Kurakuen 2, 2001 ; House standard 2004 -- Nikken Sekkei Ltd. : POLA Museum of Art, 2002 ; Izumi Garden, 2002 -- SANAA : Kanazawa 21st Century Museum of Art, 2004 ; Dior Omotesando, 2004 -- Jun Aoki : Louis Vuitton Omotesando, 2002 ; Aomori Museum of Art, 2005 -- Ryoji Suzuki : Konpira Project, 2004 : Yasumitsu Matsunaga : Nakajima Garden, 1999 -- Riken Yamamoto : Hiroshima West Fire Station, 2000 ; Yokosuka Museum of Art, 2007 -- Obayashi Corporation : Oasis 21, 2002 -- Yoshio Taniguchi : Hiroshima Naka Incineration Plant, 2004 -- Kengo Kuma : Nagasaki Perfectural Museum, 2004 ; Lotus House, 2005 ; Ginzan Onsen Fujiya, 2006 -- Tadao Ando : Chichu Art Museum, 2004 ; 21_21 Design Sight, 2007 -- Toyo Ito : TOD'S Omotesando, 2007 ; Meiso no Mori Funerary Hall, 2006.</subfield>
  </datafield>
  <datafield tag="520" ind1="1" ind2=" ">
    <subfield code="a">"Beyond the Bubble examines two contrasting, but equally extraordinary, phases in the recent history of Japanese architecture: the explosive 'Bubble' era of the 1980s and early 1990s, and the post-Bubble years leading up to the present day. The first period - often referred to as the 'new golden age of Japanese architecture' - witnessed a spectacular proliferation of unusual buildings and urban complexes in Japan's major cities, while the latter has seen work demonstrating a sense of modesty, restraint and environmental innovation." "Botond Bognar's fascinating study of this remarkable period is divided into two parts. The first section, an essay entitled 'The Bubble Years: The Epitome of Japanese Postmodernism' discusses and illustrates the elaborate architectural projects produced during the 1980s and 90s. More recent projects, mainly from the twenty-first century, are introduced in the second part - 'After the Bubble: New Realities, New Priorities' - as detailed individual studies, accompanied by a wide range of plans, drawings and photographs."--Jacket.</subfield>
  </datafield>
  <datafield tag="650" ind1=" " ind2="0">
    <subfield code="a">Architecture</subfield>
    <subfield code="z">Japan</subfield>
    <subfield code="x">History</subfield>
    <subfield code="y">20th century.</subfield>
    <subfield code="9">3615</subfield>
  </datafield>
  <datafield tag="650" ind1=" " ind2="0">
    <subfield code="a">Architecture</subfield>
    <subfield code="z">Japan</subfield>
    <subfield code="x">History</subfield>
    <subfield code="y">21st century.</subfield>
    <subfield code="9">3616</subfield>
  </datafield>
  <datafield tag="650" ind1=" " ind2="0">
    <subfield code="a">Architecture</subfield>
    <subfield code="z">Japon</subfield>
    <subfield code="x">Histoire</subfield>
    <subfield code="y">21e si&#xEF;&#xBF;&#xBD;ecle.</subfield>
    <subfield code="9">3617</subfield>
  </datafield>
  <datafield tag="650" ind1=" " ind2="0">
    <subfield code="a">Architecture</subfield>
    <subfield code="z">Japon</subfield>
    <subfield code="x">Histoire</subfield>
    <subfield code="y">20e si&#xEF;&#xBF;&#xBD;ecle.</subfield>
    <subfield code="9">3618</subfield>
  </datafield>
  <datafield tag="650" ind1=" " ind2="0">
    <subfield code="a">Architektur.</subfield>
    <subfield code="9">3619</subfield>
  </datafield>
  <datafield tag="651" ind1=" " ind2="7">
    <subfield code="a">Japan.</subfield>
    <subfield code="9">3620</subfield>
  </datafield>
  <datafield tag="942" ind1=" " ind2=" ">
    <subfield code="a">SADA</subfield>
    <subfield code="c">BK</subfield>
    <subfield code="k">720.952 BOG 2008</subfield>
    <subfield code="2">ddc</subfield>
  </datafield>
  <datafield tag="999" ind1=" " ind2=" ">
    <subfield code="c">352914</subfield>
    <subfield code="d">352914</subfield>
  </datafield>
  <datafield tag="952" ind1=" " ind2=" ">
    <subfield code="0">0</subfield>
    <subfield code="1">0</subfield>
    <subfield code="2">ddc</subfield>
    <subfield code="4">0</subfield>
    <subfield code="7">0</subfield>
    <subfield code="a">SADA</subfield>
    <subfield code="b">SADA</subfield>
    <subfield code="d">2011-05-20</subfield>
    <subfield code="l">4</subfield>
    <subfield code="o">720.952 BOG 2008</subfield>
    <subfield code="p">SADA0001046</subfield>
    <subfield code="r">2015-04-27</subfield>
    <subfield code="s">2015-04-10</subfield>
    <subfield code="v">4918.00</subfield>
    <subfield code="w">2011-08-05</subfield>
    <subfield code="y">BK</subfield>
  </datafield>
</record>
